000 00625cam a22002172a 4500
001 002353
003 AR-FADEU
008 311216n1985####xxu####################dd
020 _a968-6085-92-0
092 _a070.17
_bE92d
100 _aEvans, Harold
245 _aDiseño y compaginación de la prensa diaria
260 _aMéxico
260 _bG.Gilli
260 _c1985
300 _a228 p. ; il
440 _aDiseño
500 _aIncluye bibliografía, índice de nombres propios y conceptos, e índice de periódicos citados
650 _aPERIODISMO-DISEÑO; PRENSA DIARIA; PORTADA-PERIODICO
942 _cBDGR
999 _c8186
_d8186